World Camel Population Quiz Stats

 Plays Quiz Updated Aug 31, 2012

Challenge
Share
Tweet
Embed
Score 0/20 Timer 03:00
0 Plays Today
# of Camels Country % Correct
135,000Egypt
95.5%
256,000Saudi Arabia
87.5%
146,000Iran
83.7%
632,000India
77%
3,503,000Sudan
75.8%
264,000China
71.1%
751,000Pakistan
70.1%
249,975Algeria
69.8%
730,000Chad
66.7%
1,525,500Niger
66.1%
# of Camels Country % Correct
181,000Afghanistan
65.6%
2,286,000Ethiopia
65.1%
350,000Yemen
64.2%
232,000Tunisia
59%
7,200,000Somalia
57.2%
258,684United Arab Emirates
56.8%
562,916Mali
54.2%
895,100Kenya
52.9%
253,000Mongolia
47%
1,511,000Mauritania
41.2%

You're not logged in!

Compare scores with friends on all Sporcle quizzes.
Join for Free
OR
Log In

You Might Also Like...

Show Comments

Extras

Top Quizzes Today


Score Distribution

Your Account Isn't Verified!

In order to create a playlist on Sporcle, you need to verify the email address you used during registration. Go to your Sporcle Settings to finish the process.

Report this User

Report this user for behavior that violates our Community Guidelines.

Details: